LIBRARY & INFORMATION CENTRE, KCAET, TAVANUR

ONLINE PUBLIC ACCESS CATALOGUE (OPAC)

Soviet communism : A new civilization / (Record no. 2129)

MARC details
000 -LEADER
fixed length control field 00474cam a2200193ua 4500
041 ## - LANGUAGE CODE
Language code of text/sound track or separate title eng
082 ## - DEWEY DECIMAL CLASSIFICATION NUMBER
Classification number 335.43
Item number SID/SO
100 ## - MAIN ENTRY--AUTHOR NAME
Personal name Sidney, .
245 ## - TITLE STATEMENT
Title Soviet communism : A new civilization /
250 ## - EDITION STATEMENT
Edition statement 3 /
260 ## - PUBLICATION, DISTRIBUTION, ETC. (IMPRINT)
Place of publication London :
Name of publisher Longaman Green and Co ,
Year of publication 1947.
300 ## - PHYSICAL DESCRIPTION
Number of Pages 1007 ; .
700 1# - ADDED ENTRY--PERSONAL NAME
Personal name Web, Beatrice .
942 ## - ADDED ENTRY ELEMENTS (KOHA)
Koha item type Books
Holdings
Withdrawn status Lost status Damaged status Home library Current library Date acquired Full call number Accession Number Koha item type Public note
Withdrawn     KAUAET Sanskrit University 07/04/2012 335.43 SID/SO 6482 Books Transferred to Sanskrit University
free website counter